La muerte de la mariposa : Zelda y Francis Scott Fitzgerald /
-д хадгалсан:
| Үндсэн зохиолч: | |
|---|---|
| Бусад зохиолчид: | |
| Формат: | Цахим Цахим ном |
| Хэл сонгох: | испани итали |
| Хэвлэсэн: |
Barcelona :
gatopardo ediciones,
[2017]
|
| Хэвлэл: | Primera edición. |
| Нөхцлүүд: | |
| Онлайн хандалт: | Digitalia Hispánica |
| Шошгууд: |
Шошго нэмэх
Шошго байхгүй, Энэхүү баримтыг шошголох эхний хүн болох!
|
MARC
| LEADER | 00000nam a2200000Ii 4500 | ||
|---|---|---|---|
| 001 | DIGGATOP0002 | ||
| 003 | NyNyDIG | ||
| 006 | m o d | ||
| 007 | cr ||||||||||| | ||
| 008 | 240202s2017 sp a o 000 0cspa d | ||
| 035 | |a (OCoLC)1422055384 | ||
| 040 | |a DGITA |b eng |e rda |e pn |c DGITA | ||
| 020 | |a 9788417109233 |q eBook | ||
| 020 | |z 9788494642531 | ||
| 041 | 1 | |a spa |h ita | |
| 043 | |a n-us--- | ||
| 050 | 1 | 4 | |a PS3511.I9 ebook |
| 100 | 1 | |a Citati, Pietro, |e author. | |
| 240 | 1 | 0 | |a Morte della farfalla. |l Spanish |s (Clavel) |
| 245 | 1 | 3 | |a La muerte de la mariposa : |b Zelda y Francis Scott Fitzgerald / |c Pietro Citati ; traducción de Teresa Clavel. |
| 250 | |a Primera edición. | ||
| 264 | 1 | |a Barcelona : |b gatopardo ediciones, |c [2017] | |
| 300 | |a 1 online resource : |b illustrations. | ||
| 336 | |a text |b txt |2 rdacontent | ||
| 337 | |a computer |b c |2 rdamedia | ||
| 338 | |a online resource |b cr |2 rdacarrier | ||
| 347 | |a text file |2 rdaft | ||
| 347 | |b PDF | ||
| 588 | 0 | |a Online resource; title from ePub title page (Digitalia, viewed February 2, 2024) | |
| 600 | 1 | 0 | |a Fitzgerald, F. Scott |q (Francis Scott), |d 1896-1940 |x Marriage. |
| 600 | 1 | 0 | |a Fitzgerald, Zelda, |d 1900-1948 |x Marriage. |
| 650 | 0 | |a Authors, American |y 20th century |v Biography. | |
| 650 | 0 | |a Authors' spouses |z United States |v Biography. | |
| 650 | 0 | |a Married people |z United States |v Biography. | |
| 700 | 1 | |a Clavel, Teresa, |e translator. | |
| 700 | 1 | |i Translation of: |a Citati, Pietro. |t Morte della farfalla. | |
| 791 | 2 | |a Digitalia (Firm), |e distributor. | |
| 793 | 0 | |g Digitalia eBook Collection: |a Gatopardo Ediciones | |
| 776 | 0 | 8 | |i Print version: |a Citati, Pietro. |s Morte della farfalla. Spanish (Clavel). |t Muerte de la mariposa. |b Primera edición. |d Barcelona : gatopardo ediciones, [2017] |z 9788494642531 |
| 856 | 4 | 0 | |3 Digitalia Hispánica |u https://digitalia.unach.elogim.com/a/85524/ |
| 910 | |a Premium collection: 2024 | ||